[Event "Liga CS Istok 2017"]
[Site "Zaječar, Hotel "]
[Date "2017.10.15"]
[Round "11.1"]
[White "Milunovic, Toni"]
[Black "Klcesko, Nebojsa"]
[Result "1-0"]
[WhiteElo "2269"]
[BlackElo "2014"]
[PlyCount "29"]
[EventDate "2017.09.03"]

1. d4 d5 2. c4 c6 3. cxd5 cxd5 4. Nc3 Nf6 5. Bf4 a6 6. e3 b5 7. h3 e6 8. Nf3
Bd7 9. Bd3 Qa5 10. O-O b4 11. Ne2 Be7 12. Nc1 Bb5 13. Nb3 Qb6 14. Rc1 Bd6 15.
Rc8+ 1-0

[Event "Liga CS Istok 2017"]
[Site "Zaječar, Hotel "]
[Date "2017.10.15"]
[Round "11.1"]
[White "Ninic, Dragoslav"]
[Black "Lazic, Milan Z"]
[Result "1-0"]
[WhiteElo "2013"]
[BlackElo "2050"]
[PlyCount "54"]
[EventDate "2017.09.03"]

1. Nf3 c6 2. c4 d6 3. d4 Bg4 4. Nc3 Qc7 5. e4 e5 6. Be2 Nf6 7. O-O Be7 8. a3 a5
9. Be3 Nbd7 10. b4 axb4 11. axb4 O-O 12. Qc2 Rfc8 13. h3 Bh5 14. Qd3 Nf8 15.
Rfc1 Ne6 16. d5 Nf4 17. Bxf4 exf4 18. Nd4 Bxe2 19. Ncxe2 cxd5 20. Rxa8 Rxa8 21.
exd5 Qb6 22. Nb5 Nd7 23. Qe4 Bf6 24. Nxf4 Ne5 25. Qe2 Rc8 26. Nh5 Bg5 27. Rc2
Nd7 1-0

[Event "Liga CS Istok 2017"]
[Site "Zaječar, Hotel "]
[Date "2017.10.15"]
[Round "11.1"]
[White "Simic, Petar S**"]
[Black "Radovanovic, Danko"]
[Result "1-0"]
[WhiteElo "2000"]
[BlackElo "1826"]
[PlyCount "69"]
[EventDate "2017.09.03"]

1. Nf3 Nf6 2. g3 g6 3. Bg2 Bg7 4. O-O O-O 5. d4 d5 6. c4 c6 7. b3 Re8 8. Bb2
Bf5 9. Nbd2 Qc8 10. Re1 Ne4 11. Nh4 Nxd2 12. Qxd2 dxc4 13. Nxf5 Qxf5 14. bxc4
Na6 15. Rab1 Qd7 16. e4 e6 17. Red1 Rad8 18. Qc2 Qc8 19. Qa4 Re7 20. Ba3 Red7
21. d5 cxd5 22. cxd5 exd5 23. Bh3 f5 24. exf5 Rc7 25. Qh4 g5 26. Qxg5 h6 27.
Qh5 Qb8 28. f6 Bxf6 29. Qg6+ Bg7 30. Be6+ Kh8 31. Bf5 Kg8 32. Qh7+ Kf7 33. Bg6+
Ke6 34. Re1+ Be5 35. Bf5+ 1-0

[Event "Liga CS Istok 2017"]
[Site "Zaječar, Hotel "]
[Date "2017.10.15"]
[Round "11.1"]
[White "Kujic, Goran"]
[Black "Brankovan, Mario"]
[Result "1-0"]
[WhiteElo "1848"]
[BlackElo "1877"]
[PlyCount "41"]
[EventDate "2017.09.03"]

1. e4 d6 2. Nf3 c6 3. Nc3 Qc7 4. d4 h6 5. Bd3 e5 6. O-O Bg4 7. Be2 Be7 8. Be3
Nd7 9. Ne1 Bxe2 10. Nxe2 g5 11. Ng3 O-O-O 12. c4 c5 13. d5 Bf6 14. a3 Ne7 15.
b4 Rh7 16. Nd3 b6 17. bxc5 bxc5 18. Rb1 Rg8 19. Qg4 h5 20. Nxh5 Kd8 21. Qxd7+
1-0

[Event "Liga CS Istok 2017"]
[Site "Zaječar, Hotel "]
[Date "2017.10.15"]
[Round "11.1"]
[White "Agai, Dzabir"]
[Black "Dimitrijevic, Zoran S"]
[Result "1/2-1/2"]
[WhiteElo "1831"]
[BlackElo "1654"]
[PlyCount "59"]
[EventDate "2017.09.03"]

1. d4 d5 2. c4 c6 3. Nc3 Nf6 4. e3 Bf5 5. Nf3 e6 6. a3 Bd6 7. Be2 dxc4 8. Bxc4
O-O 9. O-O Nbd7 10. Re1 Ne4 11. Nxe4 Bxe4 12. Bd3 Bxd3 13. Qxd3 Nb6 14. b4 Re8
15. Qb3 e5 16. dxe5 Bxe5 17. Nxe5 Rxe5 18. Bb2 Rd5 19. Rad1 Qg5 20. Rxd5 Qxd5
21. Qc3 f6 22. e4 Qc4 23. Qg3 Qf7 24. h4 h5 25. Bd4 Rd8 26. Ba1 Nc4 27. f4 Qe6
28. Qf3 Qf7 29. Qg3 Qe6 30. e5 1/2-1/2

[Event "Liga CS Istok 2017"]
[Site "Zaječar, Hotel "]
[Date "2017.10.15"]
[Round "11.1"]
[White "Licic, Nenad*"]
[Black "Delic, Brano"]
[Result "0-1"]
[WhiteElo "1723"]
[BlackElo "1728"]
[PlyCount "50"]
[EventDate "2017.09.03"]

1. c4 Nf6 2. Nc3 e6 3. g3 d5 4. cxd5 exd5 5. e3 c6 6. Nge2 Nbd7 7. d4 Bd6 8.
Bg2 O-O 9. O-O Re8 10. b3 Nf8 11. h3 Bf5 12. Nf4 Ne6 13. Nd3 Ng5 14. g4 Bd7 15.
Nc5 Bc8 16. Re1 b6 17. Nd3 Nge4 18. Nxe4 Nxe4 19. Bb2 Qh4 20. f4 h5 21. Bxe4
dxe4 22. Nf2 Qg3+ 23. Kf1 Ba6+ 24. Re2 Qxe3 25. Bc1 Qf3 0-1

[Event "Liga CS Istok 2017"]
[Site "Zaječar, Hotel "]
[Date "2017.10.15"]
[Round "11.1"]
[White "Nikolic, Lazar**"]
[Black "Stojkovic, Dusan**"]
[Result "1/2-1/2"]
[WhiteElo "1547"]
[BlackElo "1605"]
[PlyCount "36"]
[EventDate "2017.09.03"]

1. e4 c5 2. Nf3 d6 3. d4 cxd4 4. Nxd4 Nf6 5. Nc3 Nc6 6. Bg5 e5 7. Nb3 Be6 8.
Qd2 Be7 9. O-O-O a6 10. Bxf6 gxf6 11. Nd5 Bxd5 12. exd5 Nb8 13. Kb1 Nd7 14. Bd3
Nf8 15. Bf5 b5 16. Na5 Qb6 17. Qc3 Bd8 18. Nb3 Ng6 1/2-1/2

[Event "Liga CS Istok 2017"]
[Site "Zaječar, Hotel "]
[Date "2017.10.15"]
[Round "11.2"]
[White "Modric, Nesa"]
[Black "Milenkovic, Mladen"]
[Result "1-0"]
[WhiteElo "2197"]
[BlackElo "2335"]
[PlyCount "33"]
[EventDate "2017.09.03"]

1. d4 Nf6 2. Nf3 c5 3. c3 b6 4. Bg5 e6 5. e3 h6 6. Bh4 Bb7 7. Nbd2 d6 8. Be2
Nbd7 9. O-O Be7 10. Qc2 g5 11. Bg3 Nh5 12. Ne1 Nxg3 13. fxg3 Qc7 14. Rxf7 Nf6
15. Qg6 Rg8 16. Rg7+ Kd7 17. Qxf6 1-0

[Event "Liga CS Istok 2017"]
[Site "Zaječar, Hotel "]
[Date "2017.10.15"]
[Round "11.2"]
[White "Zivkovic, Momcilo"]
[Black "Celenkovic, Bojan"]
[Result "1-0"]
[WhiteElo "2047"]
[BlackElo "2052"]
[PlyCount "86"]
[EventDate "2017.09.03"]

1. e4 e5 2. Nf3 Nc6 3. Bb5 a6 4. Ba4 Nf6 5. O-O Be7 6. d4 exd4 7. Re1 d6 8.
Nxd4 Bd7 9. Nxc6 Bxc6 10. Bxc6+ bxc6 11. Bf4 O-O 12. Nc3 Rb8 13. Rb1 Nd7 14.
Qe2 Qc8 15. b3 Bf6 16. Nd1 Re8 17. Qd2 Nc5 18. f3 Ne6 19. Be3 Rb5 20. Nf2 Rh5
21. Ng4 Bh4 22. Bf2 Bg5 23. Qc3 c5 24. g3 Be7 25. Rbd1 Rh3 26. Be3 Ng5 27. Bf4
Ne6 28. Be3 Ng5 29. Bc1 h5 30. Nf2 Bf6 31. Qd3 Bd4 32. Bxg5 Bxf2+ 33. Kxf2
Rxh2+ 34. Ke3 f6 35. Qd5+ Kf8 36. Bf4 g5 37. Rh1 gxf4+ 38. gxf4 Qh3 39. Rdg1
Rxe4+ 40. Kxe4 Rxh1 41. Rg8+ Ke7 42. Rg7+ Kd8 43. Qa8+ Qc8 1-0

[Event "Liga CS Istok 2017"]
[Site "Zaječar, Hotel "]
[Date "2017.10.15"]
[Round "11.2"]
[White "Radakovic, Stevan"]
[Black "Desic, Zoran"]
[Result "0-1"]
[WhiteElo "2025"]
[BlackElo "2001"]
[PlyCount "124"]
[EventDate "2017.09.03"]

1. e4 c5 2. Nf3 g6 3. Nc3 Bg7 4. d4 cxd4 5. Nxd4 Nc6 6. Nxc6 bxc6 7. Bd3 Nf6 8.
O-O O-O 9. Kh1 d5 10. e5 Nd7 11. f4 Nc5 12. Be2 f5 13. Be3 Ne6 14. Na4 Qa5 15.
c3 Ba6 16. Bxa6 Qxa6 17. Nc5 Nxc5 18. Bxc5 Rfe8 19. Qd4 Rab8 20. b4 Rb7 21. a4
e6 22. Rfb1 Bf8 23. h3 Bxc5 24. Qxc5 Qb6 25. Qd6 Kf7 26. a5 Qb5 27. a6 Rb6 28.
Ra5 Qd3 29. Rba1 Qxc3 30. Qd7+ Re7 31. Qd8 Qxb4 32. Qh8 Qxf4 33. Qxh7+ Ke8 34.
Qxg6+ Kd7 35. Re1 Rb2 36. Raa1 Qb4 37. Qg8 c5 38. Red1 c4 39. Rxd5+ exd5 40.
Qxd5+ Kc7 41. Rd1 Rb1 42. Qd6+ Qxd6 43. exd6+ Kd7 44. Rxb1 Kxd6 45. Kg1 Rc7 46.
Kf2 Rc6 47. Ra1 Kc5 48. Ke3 Kb4 49. Kd4 Rd6+ 50. Ke5 Rg6 51. Kxf5 Rxg2 52. Rb1+
Ka5 53. Rc1 Kb5 54. h4 Ra2 55. h5 Rxa6 56. Rh1 Rh6 57. Kg5 Rh8 58. h6 a5 59.
Kg6 c3 60. Kf5 Kb4 61. Ke4 c2 62. h7 Rxh7 0-1

[Event "Liga CS Istok 2017"]
[Site "Zaječar, Hotel "]
[Date "2017.10.15"]
[Round "11.2"]
[White "Radulovic, Srecko"]
[Black "Stevic, Dragan"]
[Result "0-1"]
[WhiteElo "1942"]
[BlackElo "1821"]
[PlyCount "22"]
[EventDate "2017.09.03"]

1. d4 f5 2. c3 Nf6 3. e3 e6 4. Bd3 b6 5. Ne2 Bb7 6. f3 Bd6 7. Nd2 Nh5 8. Nf1
Qh4+ 9. g3 Qh3 10. Kf2 Nf6 11. Ng1 Ng4+ 0-1

[Event "Liga CS Istok 2017"]
[Site "Zaječar, Hotel "]
[Date "2017.10.15"]
[Round "11.2"]
[White "Dragojevic, Leon*"]
[Black "Korbovljanovic, Natasa*"]
[Result "1-0"]
[WhiteElo "1897"]
[BlackElo "1847"]
[PlyCount "56"]
[EventDate "2017.09.03"]

1. e4 e5 2. d4 exd4 3. c3 d3 4. Nf3 d6 5. Bxd3 Nf6 6. O-O Be7 7. h3 O-O 8. Bg5
Nc6 9. Qe2 h6 10. Bh4 Re8 11. Re1 Nh5 12. Bg3 Nxg3 13. fxg3 Bf6 14. Nbd2 Ne5
15. Rad1 Be6 16. a3 c5 17. Nc4 Bxc4 18. Bxc4 Qc7 19. Bd5 Rab8 20. Nxe5 Bxe5 21.
Qf3 b5 22. Rf1 Re7 23. g4 Bf6 24. g3 a5 25. h4 Re5 26. Qe3 b4 27. Rxf6 Rxd5 28.
Rxd5 gxf6 1-0

[Event "Liga CS Istok 2017"]
[Site "Zaječar, Hotel "]
[Date "2017.10.15"]
[Round "11.2"]
[White "Popovic, Marko"]
[Black "Arsic, Novica"]
[Result "1/2-1/2"]
[WhiteElo "1631"]
[BlackElo "1883"]
[PlyCount "65"]
[EventDate "2017.09.03"]

1. d4 Nf6 2. c4 e6 3. Nc3 d5 4. e3 c6 5. Nf3 Bd6 6. Bd3 O-O 7. O-O Nbd7 8. e4
dxe4 9. Nxe4 Nxe4 10. Bxe4 Nf6 11. Bc2 h6 12. c5 Bc7 13. Qd3 Qd5 14. Be3 Re8
15. Rfd1 e5 16. Nxe5 Bxe5 17. dxe5 Qxd3 18. Bxd3 Rxe5 19. Bd4 Re8 20. Bxf6 gxf6
21. f3 Be6 22. b3 Rad8 23. Bc2 Bd5 24. Rd4 Re5 25. Rg4+ Kf8 26. Rd1 Re2 27. Be4
Rxa2 28. Bxd5 Rxd5 29. Rxd5 cxd5 30. Rb4 b6 31. cxb6 axb6 32. Rxb6 Ke7 33. g4
1/2-1/2

[Event "Liga CS Istok 2017"]
[Site "Zaječar, Hotel "]
[Date "2017.10.15"]
[Round "11.3"]
[White "Tosic, Branislav"]
[Black "Dinic, Dragan"]
[Result "1/2-1/2"]
[WhiteElo "2208"]
[BlackElo "2267"]
[PlyCount "23"]
[EventDate "2017.09.03"]

1. Nf3 Nf6 2. g3 g6 3. Bg2 Bg7 4. O-O O-O 5. c4 d5 6. cxd5 Nxd5 7. Nc3 Nb6 8.
d3 Nc6 9. Be3 e5 10. Rc1 Nd4 11. Qd2 c5 12. Bh6 1/2-1/2

[Event "Liga CS Istok 2017"]
[Site "Zaječar, Hotel "]
[Date "2017.10.15"]
[Round "11.3"]
[White "Milutinovic, Bojan"]
[Black "Nikolic, Nikola*"]
[Result "1-0"]
[WhiteElo "1798"]
[BlackElo "1840"]
[PlyCount "33"]
[EventDate "2017.09.03"]

1. e4 e5 2. Nf3 Nc6 3. Bc4 Bc5 4. c3 Nf6 5. d4 exd4 6. cxd4 Bb4+ 7. Nc3 Nxe4 8.
O-O Bxc3 9. d5 Ne5 10. bxc3 Nxc4 11. Qd4 Ncd6 12. Qxg7 Qf6 13. Qxf6 Nxf6 14.
Re1+ Kf8 15. Bh6+ Kg8 16. Re5 Nde4 17. Nd2 1-0

[Event "Liga CS Istok 2017"]
[Site "Zaječar, Hotel "]
[Date "2017.10.15"]
[Round "11.4"]
[White "Blagojevic, Rade"]
[Black "Colic, Ninoslav"]
[Result "1/2-1/2"]
[WhiteElo "1911"]
[BlackElo "2100"]
[PlyCount "21"]
[EventDate "2017.09.03"]

1. e4 e5 2. Nf3 Nc6 3. Bb5 a6 4. Ba4 Nf6 5. d3 b5 6. Bb3 Be7 7. c3 d6 8. O-O
O-O 9. h3 Bb7 10. Re1 h6 11. Nbd2 1/2-1/2

[Event "Liga CS Istok 2017"]
[Site "Zaječar, Hotel "]
[Date "2017.10.15"]
[Round "11.4"]
[White "Stojanovic, Sreten"]
[Black "Urosevic, Dejan"]
[Result "1/2-1/2"]
[WhiteElo "2065"]
[BlackElo "1899"]
[PlyCount "25"]
[EventDate "2017.09.03"]

1. e4 c5 2. Nf3 Nc6 3. Bc4 e6 4. d3 a6 5. Be3 b6 6. Nc3 Nf6 7. h3 h6 8. a3 Be7
9. O-O O-O 10. Qd2 Qc7 11. d4 cxd4 12. Nxd4 Nxd4 13. Qxd4 1/2-1/2

[Event "Liga CS Istok 2017"]
[Site "Zaječar, Hotel "]
[Date "2017.10.15"]
[Round "11.4"]
[White "Jankovic, Uros**"]
[Black "Laban, Dragan"]
[Result "1/2-1/2"]
[WhiteElo "1802"]
[BlackElo "1608"]
[PlyCount "22"]
[EventDate "2017.09.03"]

1. d4 Nf6 2. Bf4 d6 3. Nf3 g6 4. c3 Bg7 5. h3 O-O 6. Nbd2 Nc6 7. e3 Nh5 8. Bh2
e5 9. Be2 Qe7 10. d5 Nd8 11. Qb3 c6 1/2-1/2